| 000 | 00746nam a2200277 a 4500 | ||
|---|---|---|---|
| 003 | AR-BaBNM | ||
| 005 | 20251128205746.0 | ||
| 008 | 082120s2002 ||||||||||||||000 | spa|| | ||
| 020 | _a84-7738-003-8 | ||
| 040 | _cAR-BaBNM | ||
| 100 | 1 | _aGil Fernández, Juana | |
| 245 | 0 | 0 | _aLos sonidos del lenguaje |
| 260 |
_aBuenos Aires _bSíntesis _c1993 |
||
| 300 |
_a154 p. _bgráfs. |
||
| 490 | 0 |
_aLingüística _vv. 3 |
|
| 500 | _aContiene glosario en p. 147 | ||
| 500 | _aReferencias bibliográficas en p. 151 | ||
| 650 | 4 | _aLINGÜISTICA | |
| 650 | 4 | _aFONOLOGIA | |
| 650 | 4 | _aFONETICA | |
| 650 | 4 | _aANALISIS LINGÜISTICO | |
| 650 | 4 | _aSEGUNDA LENGUA | |
| 800 | 1 |
_aMarín, Francisco Marcos _edirector |
|
| 942 | _cBK | ||
| 998 | _cMARTIN | ||
| 999 |
_c12700 _d12700 |
||